000 00666nam a2200205Ii 4500
003 JO-AjNU
008 230605s9999||||xx |||||||||||||| ||und||
040 _aJO-AjNU
_bara
_erda
_cJO-AjNU
041 _aara
050 1 4 _aPN4714.A1.I98 1983
100 3 _aعزت، محمد فريد محمود,
_eauthor
_97380
245 0 0 _aوكالات الأنباء في العالم العربي
250 _aط1
264 3 1 _aبيروت: دار الشروق، 1983
300 _a318ص
336 _atext
_btxt
_2rdacontent
337 _aunmediated
_bn
_2rdamedia
338 _avolume
_bnc
_2rdacarrier
650 4 _aوكالات الأنباء - العالم العربي
_97381
999 _aA250
_c3818
_d3818